000 00866nam a2200229 i 4500
001 154521
003 ES-MaACL
005 20250815062642.0
008 931025s1900 sp |||| | spa d
040 _bspa
_cPAB
100 1 _aGonzález, Carlos.
_958295
245 1 0 _aDerecho Usual
_b: Resumen de los principios generales del Derecho y del Derecho Positivo Español /
_cpor Carlos González.
260 _aMadrid :
_bLa España Moderna,
_c[s.a.]
300 _a344 p. ;
_c23 cm.
490 1 _aBiblioteca de Jurisprudencia, Filosofía e Historia
650 0 7 _aDerecho
_2embne
_911602
710 2 _aLa España Moderna.
_9134611
752 _aEspaña -
_dMadrid
830 0 0 _aBiblioteca de jurisprudencia, filosofía e historia
_9180691
852 _aES-MaACL
_jF-14953
_z-- Rúst.
_x-- Edic.: añadir en T260 (Tip. de Agustín Avrial)
999 _c154521
_d154521